Представление документа в формате MARC21

Поле Инд. ПП Название Значение
Тип записи a
Библиографический уровень a
001 Контрольный номер a15bee898d384dd8a0cc6ad7dc15a15e
005 Дата корректировки 20240529090101.0
020 a ISBN 978-5-6040343-2-3
040 a Служба первич. каталог. НБ ТвГУ
b Код языка каталог. rus
e Правила каталог. PSBO
041 0_ a Код языка текста rus
097 b Оператор Komarova.ES
100 1_ a Автор Багиев Георгий Леонидович
q Полное имя Багиев Г. Л.
245 10 a Заглавие К вопросу формирования и совершенствования цифрой платформы организации и управления маркетинговой деятельностью фирмы: проблемы и задачи
260 a Место издания Санкт–Петербург
b Издательство Институт нового индустриального развития им. Витте
504 a Библиография Библиогр. в подстроч. примеч.
520 0_ a Аннотация Статья посвящена вопросу формирования и совершенствования цифрой платформы организации и управления маркетинговой деятельностью фирмы: проблемы и задачи.
653 0_ a Ключевые слова Научно-технический прогресс
a Ключевые слова Маркетинг
a Ключевые слова Экономика
a Ключевые слова Коммуникации
a Ключевые слова Форсайт-технологии
700 12 a Другие авторы Яненко Марина Борисовна
q Полное имя Яненко М. Б.
700 12 a Другие авторы Яненко Михаил Евгеньевич
q Полное имя Яненко М. Е.
773 18 w Контрольный № источника cc62332d49464aca8fe1ea40eca1389a
t Название источника Форсайт "Россия": новое индустриальное общество. Перезагрузка
d Место и дата издания Санкт–Петербург : Институт нового индустриального развития им. Витте, 2018
g Прочая информация Т. 3. - С. 164-175
901 t Тип документа a
920 a Оператор Кома
954 b Дата поступления в ОК 20240529